000 00465nam a2200181Ia 4500
008 230524s9999 xx 000 0 und d
020 _a8131502767
082 _a658.3
_bEVE
100 _aJames R.Evans
245 0 _aOperations Management : An Integrated Goods and Services
250 _aIST
260 _aNEW DELHI
_bCengage
_c2007
300 _aXIX;815
500 _aQuantity Number: 5
650 _aManagement
700 _a David A.Collier
942 _cBK
999 _c41314
_d41314